ভাষা
English
Deutsch
Español
Français
Italiano
日本語
Nederlands
Português
Português (Brasil)
中文(简体)
中文(繁體)
Türkçe
עברית
Gaeilge
Cymraeg
Ελληνικά
Català
Euskara
Русский
Čeština
Suomi
Svenska
polski
Dansk
slovenščina
اللغة العربية
বাংলা
Galego
Tiếng Việt
Hrvatski
हिंदी
Հայերէն
Українська
সমস্ত ক্ষেত্রসমূহ
আখ্যা
লেখক
বিষয়
আইসবিএন/আইএসএসএন
ট্যাগ
শনাক্তকারী
অনুসন্ধান
বিস্তৃত
№ 1-12; Вопросы технического п...
সাইট করুন
এই পাঠটি
এই ই-মেইলটি
মুদ্রণ
নথি এক্সপোর্ট করুন
এক্সপোর্ট করুন RefWorks
এক্সপোর্ট করুন EndNoteWeb
এক্সপোর্ট করুন EndNote
স্থায়ী লিঙ্ক
এক্সপোর্ট সম্পূর্ন হয়েছে —
№ 1-12; Вопросы технического прогресса и организация производства в машиностроении
গ্রন্থ-পঞ্জীর বিবরন
Parent link:
Вопросы технического прогресса и организация производства в машиностроении: реферативный журнал/ ВИНИТИ.— , 1963-2002.— 0034-2637
ভাষা:
রুশ
প্রকাশিত:
2002
বিষয়গুলি:
реферативные журналы
বিন্যাস:
গ্রন্থ
KOHA link:
https://koha.lib.tpu.ru/cgi-bin/koha/opac-detail.pl?biblionumber=551619
হোল্ডিংস
বিবরন
অনুরূপ উপাদানগুলি
স্টাফেদের বিবরণ দেখুন
MARC
LEADER
00000nam2a2200000 4500
001
551619
005
20231101120855.0
035
|a
(RuTPU)RU\TPU\prd\245287
035
|a
RU\TPU\prd\245284
090
|a
551619
100
|a
20151119a19632002k y0rusy50 ca
101
0
|a
rus
102
|a
RU
200
0
|a
№ 1-12
210
|d
2002
461
1
|0
(RuTPU)RU\TPU\prd\114
|x
0034-2637
|t
Вопросы технического прогресса и организация производства в машиностроении
|o
реферативный журнал
|f
ВИНИТИ
|d
1963-2002
610
1
|a
реферативные журналы
801
0
|a
RU
|b
63413507
|c
20010227
|g
PSBO
801
1
|a
RU
|b
63413507
|c
20070531
|g
PSBO
801
2
|a
RU
|b
63413507
|c
20151119
|g
RCR
942
|c
BK
999
|a
НТБ_ТПУ
|b
ЧЗЭР
|e
-18/20150818
|p
РЖ
|u
0,00
|v
1
অনুরূপ উপাদানগুলি
№ 1-12; Вопросы технического прогресса и организация производства в машиностроении
প্রকাশিত: (1972)
№ 1-12; Вопросы технического прогресса и организация производства в машиностроении
প্রকাশিত: (2001)
№ 1-12; Вопросы технического прогресса и организация производства в машиностроении
প্রকাশিত: (1986)
№ 1-12; Вопросы технического прогресса и организация производства в машиностроении
প্রকাশিত: (1987)
№ 1-12; Вопросы технического прогресса и организация производства в машиностроении
প্রকাশিত: (1965)